000 01102cam a22002651i 4500
001 281449
003 EG-ScBUE
005 20250813085327.0
008 740801s1966 njua f b 001 0 eng
040 _aEG-ScBUE
_beng
_erda
_cEG-ScBUE
_dEG-ScBUE
082 0 4 _a546
_222
_bBEL
100 1 _aBell, C. F.
_q(Colin Frank),
_d1928-
_96657
_eauthor.
245 1 0 _aModern approach to inorganic chemistry /
_cC. F. Bell, M.A., D.PHIL., F.R.I.G., lecturer in inorganic chemistry, Brunel University, London, and K. A. K. Lott, B.Sc., PH.D., lecturer in inorganic chemistry, Brunel University, London.
250 _aSecond edition.
264 1 _aPrinceton, New Jersey :
_bD. Van Nostrand Company, INC.,
_c1966.
300 _axiii, 330 pages :
_billustrations ;
_c26 cm
336 _2rdacontent
_atext
_btxt
337 _aunmediated
_2rdamedia
_bn
338 _avolume
_bnc
_2rdacarrier
504 _aIncludes bibliographical references and index.
650 7 _aChemistry, Inorganic.
_96658
_2BUEsh
655 _vReading book
700 1 _aLott, K. A. K.
_q(Kenneth Alan Keeler),
_eauthor.
_96659
942 _2ddc
_cBB
999 _c11953
_d11953